| 000 | 01836nam a22002417a 4500 | ||
|---|---|---|---|
| 001 | 6900 | ||
| 003 | FISKH | ||
| 005 | 20250605103623.0 | ||
| 008 | 250605b cb ||||| |||| 00| 0 eng d | ||
| 020 | _a9789995000691 | ||
| 040 |
_aFISKH _bkhr _cFISKH _dFISKH |
||
| 082 | _a510 | ||
| 100 | _aSeangly, Eee | ||
| 245 |
_aគណិតវិទ្យា : _bកំរិតខ្ពស់ ១១ / _cលោក អុី ស៊ាងលី និង លោកស្រី ទី ប៉ូលីរ៉េត |
||
| 250 | _aបោះពុម្ពឆ្នាំ២០២០ | ||
| 260 |
_aPhnom Penh : _bគ្រឺះស្ថានបោះពុម្ពនិងចែកផ្សាយ , _c2020. |
||
| 300 |
_a252 pages : _billustrations ; _c25 cm . |
||
| 520 | _aសៀវភៅគណិតវិទ្យាកំរិតមូលដ្ឋានថ្នាក់ទី១១ នៅកម្ពុជា គឺជាផ្នែកមួយនៃកម្មវិធីសិក្សាផ្លូវការដែលបានរៀបចំដោយក្រសួងអប់រំ យុវជន និងកីឡា។ សៀវភៅនេះមានគោលបំណងដើម្បីបង្កើនជំនាញគណិតវិទ្យារបស់សិស្ស ហើយអាចប្រើជាសៀវភៅណែនាំសម្រាប់ទាំងសិស្ស និងគ្រូបង្រៀនផងដែរ។ | ||
| 520 | _aThe Grade 11 Basic Mathematics textbook in Cambodia is part of the official curriculum developed by the Ministry of Education, Youth and Sport (MoEYS). It aims to strengthen students' mathematical skills and serves as a guide for both students and teachers. | ||
| 700 |
_aNavin, Chheang _ellustrator |
||
| 942 |
_2ddc _cKHB _n0 |
||
| 999 |
_c6900 _d6900 |
||